000 01199nam a2200373 c 4500
999 _c23462
_d23462
001 23462
003 ES-MaCES
005 20170404123126.0
008 101228s2005 xxud t 000 | eng d
020 _a0815718381 (cloth : alk, paper)
035 _aCES20100010258m
040 _aES-MaCES
_bspa
_cES-MaCES
100 1 _aDiamond, Peter A.
_910642
245 1 0 _aSaving Social Security
_b: a balanced approach
_cPeter A. Diamond, Peter R. Orszag
250 _aRev. ed
260 _aWashington, D.C.
_bBrookings
_c[2005]
300 _aXXVI, 294 p.
_bgráf. bl. y n.
_c23 cm
500 _aÍndices
541 _cCompra
650 4 _aseguridad social
_927034
650 4 _arégimen de pensión
_927042
650 4 _afondo de jubilaciones
_929816
650 4 _aprestaciones de vejez
_927041
650 4 _aseguro social
_930150
650 4 _aadministración de la seguridad social
_930264
650 4 _apolítica social
_927029
650 4 _aEstados Unidos
_928373
653 1 0 _aSeguridad Social
700 1 _aOrszag, Peter R.
_920033
710 2 _937973
_aBrookings Institution
_eed.
902 _aLIB Libro
942 _2CES
_cBK
_h3.0.